000
00249nam a2200097Ia 4500
008
230508s2004 xx 000 0 und d
041
_a
eng
100
_a
CNOGATE,ZADBUKE,WAYKOLE,SHINDE
245
_a
NETWORK & LINES
260
_b
NIRALI PUBLI.PUNE
_c
2004
999
_c
320280
_d
320280